000 00516 a2200193 4500
999 _c32107
_d32107
003 OSt
005 20260121104718.0
008 260121b ||||| |||| 00| 0 eng d
020 _a978-1-4625-1797-8
040 _c.
082 _a001.42
_bY515
100 _96520
_aYin, Robert K.
245 _aQualitative Research from Start to Finish /
_cby Robert K. Yin
250 _a2nd ed.
260 _bThe Guilford press,
_aLondon :
_c2016.
300 _a386 p.
650 0 _91055
_aResearch Methodology
942 _2ddc
_cBK